00491nam a22001817a 4500003000400000008004100004020001800045082002000063100001900083245007700102250001200179260004600191300001000237650001800247650001200265650001400277700001800291OSt250927b |||||||| |||| 00| 0 eng d a9789355405319 a579.60685bA96M aAwasthi, L. P. aMushroom Production and Management / cby L. P. Awasthi and A. C. Shukla a1st ed. a.- Ludhianab: Kalyani Publishersc, 2023 a182p. aPure Sciences aBiology aMushrooms aShukla, A. C.